[Event "OS INCLIVEIS"]
[Site "http://www.queenalice.com/game.php?id=1397226"]
[Date "2015.12.4"]
[Round "-"]
[White "adelio"]
[Black "Fredov"]
[Result "1-0"]
[WhiteElo "1303"]
[BlackElo "1635"]

1. d4 Nf6 2. c4 g6 3. Nc3 d5 4. e3 Bg7 5. Be2 O-O 6. h4 e6 7. g4 Ne4 8. Nxe4
dxe4 9. f3 exf3 10. Nxf3 b6 11. e4 Bb7 12. Ng5 h6 13. Rb1 hxg5 14. Bxg5 Qxd4 15.
Qxd4 Bxd4 16. Bd3 Nd7 17. h5 gxh5 18. gxh5 Bf6 19. Be3 Ne5 20. Rg1+ Kh7 21. Ke2
Nxd3 22. Kxd3 Rg8 23. h6 Rad8+ 24. Ke2 Bxe4 25. Rxg8 Rxg8 26. Rd1 Bc6 27. Rf1
Bg5 28. Rxf7+ Kxh6 29. Rf6+ Rg6 30. Bxg5+ 1-0

[Event "OS INCLIVEIS"]
[Site "http://www.queenalice.com/game.php?id=1397227"]
[Date "2015.12.4"]
[Round "-"]
[White "Fredov"]
[Black "adelio"]
[Result "0-1"]
[WhiteElo "1606"]
[BlackElo "1332"]

1. d4 d5 2. c4 e6 3. Nf3 Be7 4. Nc3 c6 5. e3 Nd7 6. b3 h5 7. Be2 h4 8. h3 Ndf6
9. O-O Nh6 10. Nxh4 Nf5 11. Nxf5 exf5 12. Bb2 g5 13. cxd5 cxd5 14. Bb5+ Kf8 15.
Bd3 a6 16. Qf3 g4 17. hxg4 fxg4 18. Qe2 Qc7 19. g3 Rh3 20. Kg2 Nh5 21. Nxd5
Rxg3+ 22. fxg3 Qxg3+ 23. Kh1 Qh3+ 24. Qh2 Ng3+ 25. Kg1 Nxf1 26. Qxh3 gxh3 27.
Kxf1 h2 28. Kg2 Bd6 29. Nf4 Ke7 0-1

[Event "AUTO-OPEN-4440"]
[Site "http://www.queenalice.com/game.php?id=1810341"]
[Date "2023.4.21"]
[Round "1"]
[White "Pin"]
[Black "Fredov"]
[Result "1-0"]
[WhiteElo "1970"]
[BlackElo "1543"]

1. e4 c5 2. Nf3 Nc6 3. Bb5 e6 4. O-O Be7 5. c3 Nf6 6. d3 O-O 7. Re1 a6 8. Ba4 b5
9. Bc2 Qc7 10. Nbd2 Bb7 11. Nf1 d5 12. e5 Nd7 13. d4 cxd4 14. cxd4 Rac8 15. Be3
Ncxe5 16. Bxh7+ Kxh7 17. dxe5 Nxe5 18. Rc1 Nxf3+ 19. Qxf3 Qd7 20. Qh5+ Kg8 21.
Bd4 f6 22. Rxc8 Rxc8 23. Re3 e5 24. Rh3 exd4 25. Qh8+ Kf7 26. Qh5+ Ke6 27. Qg4+
Kd6 28. Qxd4 Rc4 29. Qb6+ Qc6 30. Qe3 d4 31. Qg3+ 1-0

[Event "AUTO-OPEN-4440"]
[Site "http://www.queenalice.com/game.php?id=1810342"]
[Date "2023.4.21"]
[Round "1"]
[White "Fredov"]
[Black "Pin"]
[Result "0-1"]
[WhiteElo "1545"]
[BlackElo "1968"]

1. c4 Nf6 2. g3 d5 3. cxd5 Nxd5 4. Bg2 e6 5. Nc3 c6 6. Nf3 Be7 7. O-O O-O 8. d3
Nd7 9. Nxd5 exd5 10. Qb3 Qc7 11. Bf4 Qb6 12. Be3 Qxb3 13. axb3 a6 14. Nd4 Ne5
15. Nf3 Nxf3+ 16. Bxf3 Bh3 17. Rfc1 Bf6 18. Rc2 d4 19. Bd2 Rfe8 20. e3 dxe3 21.
Bxe3 h6 22. Bd2 Bf5 23. Be4 Bxe4 24. dxe4 Rxe4 25. Bc3 Re6 26. Ra4 Rae8 27. Rf4
Bg5 28. Rg4 Bf6 29. Rd2 c5 30. Rd7 Bxc3 0-1

[Event "AUTO-OPEN-4440"]
[Site "http://www.queenalice.com/game.php?id=1810367"]
[Date "2023.4.21"]
[Round "1"]
[White "CCapivara"]
[Black "Fredov"]
[Result "1/2-1/2"]
[WhiteElo "2242"]
[BlackElo "1602"]

1. e4 e5 2. f4 d5 3. Nf3 Bg4 4. Be2 dxe4 5. Nxe5 Bxe2 6. Qxe2 f5 7. Qb5+ Nd7 8.
Nxd7 Qxd7 9. Qxb7 Rd8 10. O-O Bc5+ 11. Kh1 Nf6 12. Qb3 Ng4 13. Qg3 h5 14. h3 Qd4
15. Nc3 Nf2+ 16. Kh2 Ng4+ 17. Kh1 Nf2+ 18. Kh2 Ng4+ 1/2-1/2

[Event "AUTO-OPEN-4440"]
[Site "http://www.queenalice.com/game.php?id=1810368"]
[Date "2023.4.21"]
[Round "1"]
[White "Fredov"]
[Black "CCapivara"]
[Result "0-1"]
[WhiteElo "1637"]
[BlackElo "2291"]

1. e4 d6 2. d4 Nf6 3. Nc3 c6 4. Nf3 Bg4 5. Be2 Nbd7 6. O-O e5 7. Re1 Be7 8. h3
Bh5 9. dxe5 dxe5 10. Bg5 O-O 11. Qd2 Qc7 12. Rad1 Rad8 13. Qc1 b5 14. Rd3 Nc5
15. Rxd8 Rxd8 16. Rd1 Nfxe4 17. Rxd8+ Qxd8 18. Bxe7 Qxe7 19. Nxe4 Nxe4 20. Qe3
Nf6 21. Nxe5 Bxe2 22. Qxe2 Nd7 23. f4 f6 24. Kf2 fxe5 25. f5 Qc5+ 26. Kf3 Nf6
27. Qd2 Qd5+ 28. Qxd5+ cxd5 29. g4 h6 30. c3 Kf7 31. b3 a5 32. a3 Ke7 33. Ke3
Kd6 34. Kd3 Ne4 35. c4 bxc4+ 36. bxc4 Nf2+ 37. Ke3 Nxh3 38. cxd5 Kxd5 39. a4 e4
0-1

[Event "AUTO-OPEN-4440"]
[Site "http://www.queenalice.com/game.php?id=1810383"]
[Date "2023.4.21"]
[Round "1"]
[White "game"]
[Black "Fredov"]
[Result "0-1"]
[WhiteElo "1456"]
[BlackElo "1616"]

1. e4 c6 2. Nf3 d5 3. d4 dxe4 4. Ng5 Nf6 5. Bc4 e6 6. O-O h6 7. Nh3 Bd6 8. Nc3
Qc7 9. f3 Bxh2+ 10. Kh1 exf3 11. Rxf3 O-O 12. g4 Nxg4 13. Ne4 Nd7 14. d5 exd5
15. Qe1 dxc4 16. Rc3 Ndf6 17. Rxc4 Re8 18. Qb4 Bf5 19. a4 Bxe4+ 20. Rxe4 Qg3 21.
Bf4 Qf3# 0-1

[Event "AUTO-OPEN-4440"]
[Site "http://www.queenalice.com/game.php?id=1810384"]
[Date "2023.4.21"]
[Round "1"]
[White "Fredov"]
[Black "game"]
[Result "1-0"]
[WhiteElo "1626"]
[BlackElo "1501"]

1. d4 d5 2. c4 dxc4 3. Nc3 Nc6 4. Nf3 e5 5. d5 Nb4 6. Qa4+ Bd7 7. Qd1 Bf5 8. e4
Bg6 9. Nxe5 Bc5 10. a3 Na6 11. Bxc4 Qf6 12. Nf3 O-O-O 13. Bg5 Qb6 14. O-O f6 15.
Bh4 c6 16. Na4 Qc7 17. Bxa6 cxd5 18. Nxc5 dxe4 19. Bxb7+ Kb8 20. Qxd8+ Qxd8 21.
Bg3+ Qc7 22. Bxc7+ Kxc7 23. Nd4 Kb6 24. b4 Ne7 25. a4 a5 26. Bxe4 axb4 27. Bxg6
Kxc5 28. Ne6+ Kd6 29. Bf7 Rf8 30. Rad1+ Nd5 31. Rfe1 Rxf7 32. Nf4 b3 33. Rxd5+
Kc6 34. Rc1+ Kb7 35. Rb5+ Ka6 36. Rc6+ Ka7 37. Rxb3 Rd7 38. g3 g5 39. Rc5 gxf4
40. Ra5# 1-0

[Event "AUTO-INT-3813"]
[Site "http://www.queenalice.com/game.php?id=1810408"]
[Date "2023.4.22"]
[Round "1"]
[White "Clemente09"]
[Black "Fredov"]
[Result "1-0"]
[WhiteElo "1242"]
[BlackElo "1635"]

1. d4 Nf6 2. Nf3 c5 3. d5 e6 4. Nc3 exd5 5. Nxd5 Nxd5 6. Qxd5 Be7 7. Ng5 O-O 8.
h4 Nc6 9. e3 d6 10. Bc4 Ne5 11. Bb3 h6 12. Nf3 Rb8 13. e4 Be6 14. Qd1 Qd7 15.
Nxe5 dxe5 16. Qh5 Bg4 17. Qxe5 1-0

[Event "AUTO-INT-3813"]
[Site "http://www.queenalice.com/game.php?id=1810409"]
[Date "2023.4.22"]
[Round "1"]
[White "Fredov"]
[Black "Clemente09"]
[Result "0-1"]
[WhiteElo "1573"]
[BlackElo "1272"]

1. c4 c5 2. g3 d5 3. cxd5 Qxd5 4. Nf3 Bg4 5. Bg2 Nc6 6. O-O Nf6 7. Nc3 Qh5 8. d3
h6 9. Re1 e5 10. Nb5 Nd5 11. e4 Nf6 12. Nc7+ Kd7 13. Nxa8 Nd4 14. Qa4+ Kd8 15.
Nxd4 cxd4 16. Bd2 Bd7 0-1

[Event "AUTO-INT-3813"]
[Site "http://www.queenalice.com/game.php?id=1810426"]
[Date "2023.4.22"]
[Round "1"]
[White "Fredov"]
[Black "Castling"]
[Result "0-1"]
[WhiteElo "1605"]
[BlackElo "1586"]

1. d4 d5 2. Nf3 Nc6 3. c4 Bg4 4. Nc3 e6 5. Bf4 a6 6. e3 Bb4 7. Be2 Nf6 8. h3
Bxf3 9. Bxf3 Ne4 10. Bxe4 Bxc3+ 11. bxc3 dxe4 12. Qb1 Na5 13. Qb4 b6 14. c5 Nc6
15. Qb1 e5 16. Qxe4 O-O 17. Qxc6 exf4 18. exf4 Qe8+ 0-1

[Event "AUTO-INT-3813"]
[Site "http://www.queenalice.com/game.php?id=1810427"]
[Date "2023.4.22"]
[Round "1"]
[White "Castling"]
[Black "Fredov"]
[Result "1-0"]
[WhiteElo "1603"]
[BlackElo "1588"]

1. e4 c6 2. Bc4 d5 3. exd5 cxd5 4. Bb5+ Bd7 5. Qe2 e6 6. Nc3 Nf6 7. Bxd7+ Nbxd7
8. Nf3 Be7 9. h3 O-O 10. Ne5 Nxe5 11. d4 Nc6 12. Be3 Qb6 13. O-O-O a5 14. a3
Rfc8 15. Rd3 Nb4 16. axb4 axb4 17. Nb1 1-0

[Event "AUTO-INT-3813"]
[Site "http://www.queenalice.com/game.php?id=1810428"]
[Date "2023.4.22"]
[Round "1"]
[White "Fredov"]
[Black "game"]
[Result "1-0"]
[WhiteElo "1579"]
[BlackElo "1481"]

1. e4 c5 2. Nf3 d6 3. d4 d5 4. exd5 Qxd5 5. c4 Qd6 6. d5 g5 7. Bxg5 Bg7 8. Nc3
Bg4 9. Be2 Qg6 10. O-O Bxf3 11. Bxf3 Qxg5 12. d6 exd6 13. Re1+ Ne7 14. Bxb7 Bxc3
15. bxc3 Qf6 16. Bxa8 Qxc3 17. Qe2 Kd7 18. Qxe7+ Kc8 19. Bb7# 1-0

[Event "AUTO-INT-3813"]
[Site "http://www.queenalice.com/game.php?id=1810429"]
[Date "2023.4.22"]
[Round "1"]
[White "game"]
[Black "Fredov"]
[Result "0-1"]
[WhiteElo "1467"]
[BlackElo "1591"]

1. e3 e5 2. Nf3 Nc6 3. Bc4 Nf6 4. Ng5 d5 5. Bb3 Bd7 6. e4 Na5 7. exd5 Nxb3 8.
axb3 h6 9. Nf3 Nxd5 10. Nxe5 Qe7 11. O-O a6 12. Re1 Be6 13. c4 Nf6 14. f4 O-O-O
15. f5 Qc5+ 16. Kh1 Bxf5 17. Nxf7 Ng4 18. Nxh8 Nf2+ 19. Kg1 Nh3+ 20. Kh1 Qg1+
21. Rxg1 Nf2# 0-1